000 00545nam a22001697a 4500
003 OSt
005 20260223102030.0
008 260223b |||||||| |||| 00| 0 eng d
040 _cMRSPTU
041 _aEnglish
100 _aMoney, Supervisor: Dr. Manjeet Bansal
245 _aAdsorption of Lead (Pb2+) From Industrial Wastewater Using Carbonized Rice Husk
260 _bDepartment of Civil Engg. MRSPTU, Bathinda
_c2017
650 _aCivil Engineering
856 _uhttp://163.47.215.52:8080/jspui/handle/123456789/438
942 _2ddc
_cTH
_n0
999 _c10981
_d10981